[Event "Basque-ch 2019"]
[Site "Getxo"]
[Date "2019.04.24"]
[Round "1.1"]
[White "Narciso Dublan, Marc"]
[Black "Munoz Avila, Jose Luis"]
[Result "1-0"]
[WhiteElo "2491"]
[BlackElo "2146"]
[Annotator "TA RC"]
[PlyCount "53"]
[EventDate "2019.04.22"]
[EventType "swiss"]
[EventCountry "ESP"]
[SourceTitle "playchess.com"]
[Source "ChessBase"]
[SourceQuality "1"]

{[%evp 23,53,36,36,31,40,37,52,56,48,22,31,16,83,87,84,90,132,129,231,220,197,200,799,774,673,417,29985,29986,5489,5335,1498,1176]} 1. d4 Nf6 2. c4 e6 3. Nc3 d5 4. Bg5 Be7 5. e3 O-O 6. Nf3 c6 7. Qc2 a6 8. Rc1 Nbd7 9. cxd5 exd5 10. Bd3 Re8 11. O-O Nf8 12. h3 Ne4 13. Bf4 {D65: Queen's Gambit Declined: Classical: 7 Rc1 c6 8 Qc2 a6 9 cxd5} (13. Bxe7 Qxe7 14. Bxe4 dxe4 15. Nd2 Bf5 16. f4 Rad8 17. Ne2 Qh4 18. Qb3 Rd6 19. Rc5 Be6 20. Qb4 Bxh3 {1-0 (56) Navara,D (2697)-Apicella,M (2532) Haguenau 2013}) 13... f5 14. Ne5 Ng6 15. Nxg6 {White is slightly better.} hxg6 16. f3 Nxc3 17. bxc3 Bf6 $146 (17... c5 $11) ({Predecessor:} 17... Bg5 18. Rce1 Bd7 19. Be5 c5 20. Qf2 Bh4 {1-0 (57) Jelen,I (2389)-Plachetka,J (2395) Baden 1999}) 18. e4 $36 {[%mdl 2048] Black is under strong pressure.} dxe4 19. fxe4 fxe4 20. Bxe4 Bxd4+ (20... Bf5 $16 21. Qb3+ (21. Bxf5 gxf5 22. Qb3+ Qd5 $16) 21... Kh7 22. Bxf5 gxf5) 21. Kh1 Bf6 22. Bxg6 Rf8 $2 (22... Be6 23. Bxe8 Qxe8) 23. Qe2 $18 {Qh5 would kill now.} Qa5 24. Bd6 {And now Qc4+ would win.} Rd8 {[#]} (24... Qg5 $18 25. Bxf8 Qxg6) 25. Rxf6 $1 {[%mdl 512]} Qg5 (25... gxf6 26. Qe7) 26. Bf7+ Kh8 27. Rg6 {Played: Bd6-f4} 1-0

[Event "Basque-ch 2019"]
[Site "Getxo"]
[Date "2019.04.24"]
[Round "1.2"]
[White "Ruiz Abad, Juan Manuel"]
[Black "Del Rio De Angelis, Salvador G."]
[Result "0-1"]
[WhiteElo "2124"]
[BlackElo "2457"]
[Annotator "TA"]
[PlyCount "38"]
[EventDate "2019.04.22"]
[EventType "swiss"]
[EventCountry "ESP"]
[SourceTitle "playchess.com"]
[Source "ChessBase"]
[SourceQuality "1"]

{[%evp 9,38,33,31,40,59,0,24,11,12,-16,0,0,0,0,0,-381,-372,-831,-619,-836,-839,-925,-888,-29981,-29982,-29982,-29983,-29983,-29984,-29984,-29985]} 1. e4 e6 2. d4 d5 3. Nc3 Be7 4. Bd3 c5 5. exd5 exd5 6. dxc5 {C10: French with 3 Nc3: Unusual Black 3rd moves and 3...dxe4} Nf6 7. Qf3 $146 ({Predecessor:} 7. Nf3 O-O 8. O-O Nbd7 9. Bf5 Nxc5 10. Bxc8 Rxc8 11. Be3 Nce4 12. Bd4 {½-½ (33) Jakovenko,D (2710)-Demidov,M (2521) Sochi 2017}) 7... O-O 8. Nge2 {White has an edge.} Nc6 9. Bf4 Bxc5 (9... Bg4 $5 10. Qg3 $8 d4 $11) 10. O-O-O Be6 11. Kb1 Qa5 {[#] Hoping for ...d4.} 12. h3 $2 {[%mdl 8192]} (12. a3 $11) 12... d4 $19 13. Ne4 $2 (13. a3 dxc3 14. Nxc3) 13... Qxa2+ 14. Kc1 {Black must now prevent Nxf6+.} Nxe4 15. Qxe4 f5 16. Qf3 Bb4 {[%cal Ra2a1] Black mates.} 17. c3 dxc3 18. Nxc3 Bxc3 19. bxc3 {[#]} Nd4 $1 {[%mdl 512] Accuracy: White = 33%, Black = 94%.} 0-1

[Event "Basque-ch 2019"]
[Site "Getxo"]
[Date "2019.04.24"]
[Round "1.3"]
[White "Huerga Leache, Mikel"]
[Black "Perez Fernandez, Modesto"]
[Result "1-0"]
[WhiteElo "2448"]
[BlackElo "2115"]
[Annotator "TA"]
[PlyCount "55"]
[EventDate "2019.04.22"]
[EventType "swiss"]
[EventCountry "ESP"]
[SourceTitle "playchess.com"]
[Source "ChessBase"]
[SourceQuality "1"]

{[%evp 9,55,-10,20,20,46,43,44,37,56,54,62,62,65,52,57,43,47,60,59,58,73,25,30,28,28,12,3,0,0,0,0,6,112,94,93,97,217,199,316,199,195,199,441,441,660,660,720,700]} 1. d4 d5 2. Bf4 c5 ({Predecessor:} 2... Nf6 3. e3 c5 4. c3 {1-0 (40) Kovacevic,V (2555)-Pinter,J (2535) Plovdiv 1983}) 3. e3 Nc6 4. c3 Nf6 5. Nd2 Qb6 6. Qb3 {D00: 1 d4 d5: Unusual lines} c4 $146 (6... Nh5 7. Qxb6 axb6 8. Bc7 cxd4 9. exd4 e5 10. Bxe5 Nxe5 11. dxe5 Bc5 12. g3 O-O {1-0 (76) Aronian,L (2765)-Caruana,F (2832) London 2018}) 7. Qc2 $1 Nh5 8. Bg5 {White is slightly better.} h6 9. Bh4 $1 g5 10. Be2 $1 Ng7 11. Bg3 Nf5 12. Ngf3 Bg7 13. e4 Nxg3 14. hxg3 e6 15. b3 cxb3 16. axb3 {[%cal Ba2b3,Bb3b4][%mdl 32]} Bd7 17. b4 Rc8 {...g4 is the strong threat.} 18. Qd3 g4 19. exd5 exd5 20. Nh4 {Black should prevent Nf5.} Nxd4 (20... Bxd4 $11 21. O-O (21. cxd4 Nxb4 22. Qe3+ Kd8 $17) 21... Bg7) 21. cxd4 $16 Bxd4 22. O-O {Black must now prevent Ra5.} Rc3 (22... Bxa1 $16 {was necessary.} 23. Rxa1 O-O) 23. Qb1 $18 Rxg3 (23... Qf6 {might work better.}) 24. Nf5 Bxf5 25. Qxf5 {[%mdl 64] [#] Double Attack} Bxa1 $2 (25... Qe6 {was called for.} 26. Qxe6+ fxe6) 26. Rxa1 {aiming for Qe5+.White is clearly winning.} Qd4 (26... O-O $142 27. Qe5 (27. Qxd5 Rc3 $16) 27... Qxb4 28. Qxg3 Qxd2) 27. Rd1 O-O {[#]} 28. Nf1 $1 {[%mdl 576] Discovered Attack. Accuracy: White = 80%, Black = 44%.} 1-0

[Event "Basque-ch 2019"]
[Site "Getxo"]
[Date "2019.04.24"]
[Round "1.4"]
[White "Ros Eskisabel, Jose Ramon"]
[Black "Argandona Riveiro, Inigo"]
[Result "0-1"]
[WhiteElo "2095"]
[BlackElo "2411"]
[Annotator "TA"]
[PlyCount "94"]
[EventDate "2019.04.22"]
[EventType "swiss"]
[EventCountry "ESP"]
[SourceTitle "playchess.com"]
[Source "ChessBase"]
[SourceQuality "1"]

{[%evp 13,94,-4,4,0,-4,-16,0,-25,0,-5,6,0,0,0,0,0,0,0,0,0,0,0,-2,-14,-4,-58,-50,-58,-9,-64,-64,-81,-43,-57,-57,-76,-74,-93,-60,-79,0,-102,-79,-144,-55,-47,-15,-18,-28,-48,-27,-58,-51,-71,-69,-118,-104,-124,-137,-125,-112,-117,-104,-104,-104,-186,-173,-234,-224,-244,-236,-268,-262,-249,-256,-248,-104,-29996,-29997,-29997,-29998,-29998,-29999]} 1. d4 Nf6 2. c4 e6 3. Nc3 Bb4 4. e3 O-O 5. Nge2 Re8 6. a3 Bf8 7. Ng3 d5 8. cxd5 {E46: Nimzo-Indian: Rubinstein: 4 e3 0-0 5 Ne2 without early Bd3} (8. Be2 b6 9. cxd5 exd5 10. O-O Bb7 11. b4 Nbd7 12. Qb3 c6 13. Bf3 a5 14. b5 c5 15. Nxd5 a4 {½-½ (53) Shankland,S (2671)-Ding,L (2778) Liaocheng 2018}) 8... exd5 9. Bd3 c6 10. O-O {The position is equal.} Bd6 11. Qc2 g6 12. Bd2 $146 ({Predecessor:} 12. f3 c5 13. Qf2 Nc6 14. dxc5 Bxc5 15. b4 Bb6 16. Na4 Bc7 {½-½ (53) Freitas,R (2238)-Limp,P Sorocaba 2001}) 12... Ng4 {Strongly threatening ...Qh4.} 13. Nce2 Qh4 {[%csl Gg4][%cal Rh4h2]} 14. h3 Nf6 $1 15. f4 Nbd7 16. Rf3 Nf8 17. Raf1 Ne4 18. Be1 {[%cal Rg3e4]} ({Don't blunder} 18. Nxe4 $2 dxe4 19. Bxe4 Rxe4 $19) 18... Qh6 19. Nc3 (19. Nxe4 $2 dxe4 20. Bxe4 Rxe4 $19) (19. Bb4 $11) 19... f5 $15 20. Qb3 {And now Ngxe4 would win.} Kh8 21. Be2 (21. Bxe4 $11 fxe4 22. R3f2) 21... Nf6 22. Bd3 b5 23. Qc2 Bd7 24. Nge2 Ne6 {[%cal Bf8e6,Be6g7,Bg7h5,Bh5f6,Bf6e4][%mdl 32]} 25. Ng3 Ng7 26. Bd2 Ne4 (26... a5 $17) 27. Qd1 (27. Bxe4 $11 fxe4 28. Ngxe4 dxe4 29. Nxe4) 27... Re7 28. Bc2 {[#]} (28. Nce2 $142) 28... Nxg3 (28... Rg8 $1 $17 29. Nce2 g5) 29. Rxg3 Rae8 (29... Nh5 $5 {[%cal Rh5g3]} 30. Rgf3 a5 $15) 30. Rgf3 Nh5 31. Bd3 Qg7 32. Qc2 Nf6 33. Qd1 a5 {[%cal Ba7a5,Ba5b4][%mdl 32]} 34. Qb1 Ne4 35. Qd1 b4 36. axb4 axb4 37. Ne2 Nxd2 (37... Be6 {keeps more tension.} 38. b3 Ra7 39. Bc1 Be7 40. Qc2 Rc8) 38. Qxd2 c5 39. dxc5 (39. b3 $17 {is a better defense.}) 39... Bxc5 $19 40. Kh1 (40. Kh2 $142) 40... Rxe3 41. Rxe3 Rxe3 ({Not} 41... Bxe3 42. Qxb4 Qe7 43. Qc3+ Kg8 44. b4 $17) 42. Ra1 Bc6 43. Rc1 {[#]} Qe7 $1 44. Qc2 d4 $40 {[%mdl 128] Black is out for blood.} (44... Bd6 $19 45. Qxc6 Rxd3) 45. Qxc5 $4 {[%mdl 8192]} (45. Kh2 $17 Bd6 46. Qc4 Rxe2 {[%mdl 64] Remove Defender} 47. Bxe2 Bxf4+ 48. Kh1) 45... Rxh3+ $1 {Black mates.} 46. Kg1 Qe3+ {[%mdl 64] Double Attack} 47. Kf1 Rh1+ {Accuracy: White = 28%, Black = 50%.} 0-1

[Event "Basque-ch 2019"]
[Site "Getxo"]
[Date "2019.04.24"]
[Round "1.5"]
[White "Trigo Urquijo, Sergio"]
[Black "Barbazan Bilbao, Xabier"]
[Result "1-0"]
[WhiteElo "2383"]
[BlackElo "2094"]
[Annotator "TA"]
[PlyCount "53"]
[EventDate "2019.04.22"]
[EventType "swiss"]
[EventCountry "ESP"]
[SourceTitle "playchess.com"]
[Source "ChessBase"]
[SourceQuality "1"]

{[%evp 20,53,63,47,79,92,94,91,77,81,97,81,148,154,144,152,125,130,180,179,397,384,447,348,378,135,513,524,418,386,968,858,29995,2373,1890,1647]} 1. e4 c5 2. Nf3 d6 3. d4 cxd4 4. Nxd4 Nf6 5. f3 g6 6. c4 Bg7 7. Nc3 O-O 8. Be3 Nc6 9. Qd2 Bd7 10. Be2 Nxd4 11. Bxd4 Bc6 {B38: Sicilian: Maroczy Bind with 5...Bg7 and 7...0-0} (11... a5 12. b3 Bc6 13. O-O Nd7 14. Be3 Nc5 15. Rab1 e6 16. a3 Be5 17. b4 axb4 18. axb4 Ra3 19. bxc5 Rxc3 20. f4 Bg7 21. e5 dxe5 22. Qxc3 exf4 23. Qd2 Qg5 {0-1 (43) Bu,X (2730)-Savchenko,B (2566) Riadh 2017}) 12. O-O-O Qa5 13. Kb1 Rfc8 {White is better.} 14. g4 a6 15. h4 b5 (15... h5 $142) 16. h5 $146 ({Predecessor:} 16. Rc1 Rab8 17. h5 e5 18. Be3 Bd7 19. Bh6 {0-1 (59) Margarido,J (2081)-Martins,B (2158) Cascais 2018}) 16... bxc4 17. hxg6 hxg6 18. Bxc4 Rab8 {With the idea ...Ba4.} 19. Bb3 $1 Bb5 $2 (19... Rxb3 20. axb3 Rb8) 20. g5 $18 Nh5 21. Bxg7 Nxg7 22. Qd5 $2 (22. Qh2 $18 {[%csl Gh1][%cal Rh2h8]} Nh5 23. Nd5) 22... Ne6 $4 {[%mdl 8192]} (22... e6 $16 {is tougher.} 23. Qxd6 Rd8) 23. Rh6 $1 {Rdh1 would kill now.} Kg7 {intending ...Rxc3.} 24. Rdh1 {Threatening mate with Rh7+.} Nxg5 $2 (24... Rh8 25. Rxh8 Rxh8 26. Rxh8 Kxh8) 25. f4 {Intending Rh7+! and mate.} Rxc3 {[#]} 26. fxg5 (26. Rh7+ $142 $1 {[%mdl 512]} Kg8 (26... Nxh7 27. Qxf7+) 27. Rh8+ Kg7 {[#]} 28. Qxf7+ $1 {[%mdl 576] Deflection} Nxf7 29. R1h7+ Kf6 30. Rxf7#) 26... Bd3+ {[#]} 27. Qxd3 $1 {[%mdl 512] Accuracy: White = 74%, Black = 22%.} 1-0

[Event "Basque-ch 2019"]
[Site "Getxo"]
[Date "2019.04.24"]
[Round "1.6"]
[White "Miguelez Garcia, Erlantz"]
[Black "Martinez Fernandez, Adrian"]
[Result "0-1"]
[WhiteElo "2052"]
[BlackElo "2318"]
[Annotator "TA"]
[PlyCount "104"]
[EventDate "2019.04.22"]
[EventType "swiss"]
[EventCountry "ESP"]
[SourceTitle "playchess.com"]
[Source "ChessBase"]
[SourceQuality "1"]

{[%evp 16,104,-7,-18,-18,-12,0,-1,0,0,0,0,-6,0,20,0,0,0,0,-24,-26,-25,-18,-21,0,0,10,-12,-7,-9,0,-9,0,-46,-37,-63,-66,-67,-67,-71,-41,-35,-27,-71,-26,-55,-33,-46,-21,-69,-14,-87,-70,-118,-98,-193,-145,-162,-101,-97,138,131,167,156,415,393,392,191,162,0,0,0,0,0,0,0,0,-366,-344,-603,-572,-763,-768,-766,-654,-29986,-29987,-29987,-29988,-29993,0]} 1. c4 c5 2. Nc3 g6 3. g3 Bg7 4. Bg2 Nc6 5. d3 d6 6. e4 e6 7. Nf3 Nge7 8. O-O O-O 9. Be3 Nd4 {A36: Symmetrical English vs ...g6: 4 Bg2 Bg7} 10. Qd2 Nec6 11. Bh6 Nxf3+ {The position is equal.} 12. Bxf3 Nd4 13. Bg2 Bxh6 14. Qxh6 Qf6 15. Rad1 (15. Kh1 Rb8 16. Qd2 b5 17. f4 bxc4 18. dxc4 Qg7 19. Rae1 e5 20. fxe5 Qxe5 {0-1 (63) Miezis,N (2552)-Leko,P (2747) Dresden 2008}) 15... Rb8 16. Qe3 $146 ({Predecessor:} 16. f4 Qg7 17. Qxg7+ Kxg7 18. e5 b6 19. Rf2 Rd8 20. Ne4 {0-1 (39) Fuertes Buisac,B (1842)-Villar Reymundo,J (2177) Mataro 2016}) 16... b5 {[%cal Bb7b5,Bb5b4][%mdl 32]} 17. b3 b4 18. Ne2 Nxe2+ 19. Qxe2 e5 20. f4 Qe7 21. Rf2 a5 22. Rdf1 f6 23. Qe3 Ra8 24. h4 a4 25. Bf3 axb3 26. axb3 Ra3 27. Bd1 Bh3 28. Re1 Bd7 $36 {[%mdl 2048] Black fights for an advantage.} 29. Ref1 Kg7 30. Rh2 Be8 31. Rhf2 Ra1 32. Kh2 Bd7 (32... exf4 $15 33. Qxf4 Qe5) 33. Rg1 (33. f5 $1 $11) 33... Rfa8 ({Not} 33... Qe6 $2 34. Bg4 $1 $18 {[%mdl 512]}) 34. Rgf1 R8a2 35. Kg1 (35. Rxa2 $17 {might work better.} Rxa2+ 36. Rf2) 35... Rxf2 36. Qxf2 {[#]} Bh3 ({Black should play} 36... exf4 $1 $19 {White must now prevent ...Bh3.} 37. Qxf4 h5) 37. Re1 $17 Qe6 $2 (37... Bc8 $17 {stays on course.}) 38. Kh2 $16 Ra3 39. f5 $1 {[%cal Rf5e6]} gxf5 $2 (39... Bxf5 $16 {was necessary.} 40. exf5 Qxf5) 40. Kxh3 $18 fxe4+ 41. Kh2 (41. Bg4 $142 Qf7 42. Rxe4) 41... exd3 {[#]} 42. Qf3 $2 (42. g4 $1 $18) 42... Ra2+ $11 43. Kg1 Qh3 44. Qg4+ Qxg4 45. Bxg4 {[%mdl 4096] Endgame KRB-KR} Rb2 46. Bd1 $2 {[%mdl 8192]} (46. Bf5 $11) 46... f5 $19 47. Kf1 $2 (47. g4 f4 48. g5) 47... Kf6 48. Re3 e4 49. g4 Rh2 {Strongly threatening ...Rh1+.} 50. Ke1 Ke5 {Black mates.} 51. gxf5 Kf4 52. Rf3+ Ke5 $2 {[%mdl 32768] Accuracy: White = 32%, Black = 44%. . Sensor Board Error (Ke4/e5)?} (52... exf3 {mates} 53. Bxf3 Kxf3 54. Kd1 Ke3 55. Kc1 Rh1+ 56. Kb2 d2 57. f6 d1=Q 58. f7 Rh2#) 0-1

[Event "Basque-ch 2019"]
[Site "Getxo"]
[Date "2019.04.24"]
[Round "2.1"]
[White "Martinez Fernandez, Adrian"]
[Black "Narciso Dublan, Marc"]
[Result "0-1"]
[WhiteElo "2318"]
[BlackElo "2491"]
[Annotator "TA"]
[PlyCount "168"]
[EventDate "2019.04.22"]
[EventType "swiss"]
[EventCountry "ESP"]
[SourceTitle "playchess.com"]
[Source "ChessBase"]
[SourceQuality "1"]

{[%evp 9,168,47,102,70,82,83,107,87,98,72,47,35,30,0,0,-23,-41,-43,-55,-77,-7,-5,0,0,-6,-20,0,3,0,-13,-12,-27,16,-31,-19,-26,-20,-38,-37,-38,-41,-42,-34,-55,0,-14,-12,-85,-60,-60,-76,-67,-67,-64,-72,-125,-66,-66,-62,-125,-87,-103,-88,-81,0,-110,-99,-92,-42,-55,-64,-82,-33,-33,-37,-78,-79,-94,-93,-148,-95,-102,-93,-193,-189,-185,-185,-379,-277,-358,-365,-402,-214,-324,-373,-377,-380,-359,-333,-456,-473,-561,-561,-543,-534,-503,0,-449,0,-421,-412,-327,-310,-291,-300,-296,-279,-501,-475,-508,-506,-466,-461,-485,-472,-618,-618,-29977,-29976,-29976,-4922,-4922,0,-4922,-4922,-29977,-29976,-29980,-29981,-29984,-29985,-29985,-29986,-29986,-29987,-29987,-29988,-29988,-29989,-29989,-29990,-29990,-29988,-29988,-29988,-29988,-29989,-29990,-29991,-29991,-29991]} 1. e4 g6 2. d4 c6 3. Nc3 Bg7 4. h4 Qb6 (4... d5 5. exd5 Nf6 6. dxc6 Nxc6 7. d5 Nb4 8. Bc4 Bf5 9. Bb3 a5 10. a3 a4 11. axb4 axb3 12. Rxa8 Qxa8 13. cxb3 {½-½ (69) Tukhaev,A (2527)-Aronian,L (2765) St Petersburg 2018}) 5. Nf3 h6 $146 (5... d6 $14) ({Predecessor:} 5... d6 6. Bc4 h5 7. Qd3 Bg4 8. Ng5 Nh6 9. Be3 O-O 10. f3 d5 11. Bb3 dxe4 12. Qxe4 {1-0 (33) Nekam Tchassem,A (2097)-Prost,F (2170) France 2006}) 6. Bc4 {B06: Modern Defence} d6 7. Bb3 Nd7 {[%cal Bb8d7,Bd7c5,Bc5b3][%mdl 32]} 8. O-O {White is better.} Qc7 9. a4 Ngf6 10. Re1 e5 11. dxe5 dxe5 12. Nd2 Nc5 13. Nc4 Nxb3 14. Nd6+ Ke7 (14... Kf8 $1 $17 15. cxb3 Bg4) 15. Nxc8+ $11 Qxc8 16. cxb3 Rd8 17. Qe2 Qg4 18. Qxg4 Nxg4 19. f3 Nf6 20. Be3 Bf8 21. Red1 Rxd1+ (21... a5 {looks sharper.} 22. Rac1 Ke6 23. Nb1 Nh5 24. Bb6 Rxd1+ 25. Rxd1 Nf6) 22. Rxd1 Ke6 23. Nb1 Nd7 24. Rc1 f5 25. Nd2 Nf6 26. Kf1 Bb4 (26... Rd8 $15 27. Rc2 a6) 27. exf5+ gxf5 28. Nc4 (28. Bxh6 $11 {remains equal.} Rh8 29. Rc4) 28... f4 29. Bd2 Bxd2 30. Nxd2 $15 {[%mdl 4096] Endgame KRN-KRN} Rd8 31. Ke2 Rd4 32. Rc5 (32. a5 $142) 32... a6 (32... Nh5 $1 $17 33. Ne4 Nf6) 33. Rc1 Kd5 34. Nb1 ({Better is} 34. a5 $15) 34... Rb4 35. Rd1+ Kc5 36. Rc1+ Kd5 37. Rd1+ $1 {[#]} Ke6 $1 38. Nd2 b6 39. Rc1 Kd5 $1 40. Rc3 b5 41. axb5 axb5 42. Rc1 Nh5 43. Ra1 Ng3+ 44. Kd3 (44. Ke1 $142) 44... Rd4+ (44... e4+ $142 45. Kc3 c5 46. fxe4+ Nxe4+ 47. Kc2 Nxd2) 45. Kc2 $17 Nf5 46. Ra8 (46. h5 $17 {was called for.}) 46... Nxh4 $19 47. Rg8 Nf5 48. Rg6 $2 (48. b4 {might work better.}) 48... h5 49. Kc1 Ne3 50. Rh6 c5 (50... Nxg2 $142 {aiming for ...Rd3.} 51. Rxh5 Rd3) 51. Rg6 (51. Rxh5 $142 Nxg2 52. Rh8) 51... h4 52. Rg8 Kc6 53. Rg5 Rd5 54. Rg8 Kb6 55. Rg6+ Ka5 56. Rg8 Kb4 57. Rg5 Ka5 $2 (57... Rd8 $19 {Hoping for ...Rd6.} 58. Rg7 Nf5) 58. Rg6 $2 {[%mdl 8192]} (58. Rg8 $1 $11 {and White stays safe.} Rd7 59. Rg6) 58... Kb4 59. Rg5 c4 60. bxc4 bxc4 61. Rg8 Ra5 62. Rb8+ Rb5 63. Rg8 $2 (63. Rh8 {is a better defense.}) 63... c3 64. bxc3+ Kxc3 65. Ne4+ {[#]} Kd3 $1 66. Rd8+ Rd5 67. Rg8 Rd4 68. Rg5 Rc4+ 69. Kb1 Rb4+ (69... Rxe4 $142 70. Ka2 Rc4 71. Kb3 Rc2 72. Rxe5 Rf2 73. Kb4 Nxg2 74. Rd5+ Ke2 75. Kb5 Rxf3 76. Kb4 h3 77. Ra5 Kf1 78. Ra1+ Ne1 79. Ra5 h2 80. Rh5 Kg1 81. Ra5 h1=Q 82. Rf5 Rg3 83. Kc5 Qe4 84. Rf6 Qe5+ {[%mdl 64] Double Attack} 85. Kb6 Qxf6+ 86. Kc5 Rg5+ 87. Kc4 Qc6+ 88. Kb3 Rb5+ 89. Ka4 Qa6#) 70. Kc1 Rc4+ 71. Kb1 Rxe4 72. fxe4 Kxe4 {KR-KN. Black mates.} 73. Kc1 {[#]} h3 $1 {[%mdl 512]} 74. Kd2 (74. gxh3 f3) 74... hxg2 75. Ke2 f3+ 76. Kf2 Kf4 77. Rg8 e4 78. Kg1 Nf5 79. Rf8 e3 80. Re8 Nd4 81. Rf8+ Ke4 82. Re8+ Kd3 83. Kh2 Ke2 84. Ra8 {[#]} f2 {Played: g2-g1Q} 0-1

[Event "Basque-ch 2019"]
[Site "Getxo"]
[Date "2019.04.24"]
[Round "2.2"]
[White "Del Rio De Angelis, Salvador G."]
[Black "Prieto Aranguren, Alain"]
[Result "1-0"]
[WhiteElo "2457"]
[BlackElo "2257"]
[Annotator "TA"]
[PlyCount "127"]
[EventDate "2019.04.22"]
[EventType "swiss"]
[EventCountry "ESP"]
[SourceTitle "playchess.com"]
[Source "ChessBase"]
[SourceQuality "1"]

{[%evp 16,127,24,12,37,25,27,31,29,22,27,27,39,18,23,12,36,30,34,34,50,46,47,48,83,46,48,39,72,72,76,75,153,153,153,153,159,159,263,259,249,256,256,256,256,256,256,256,256,256,256,256,256,247,231,223,182,182,380,391,391,391,380,142,490,490,490,489,481,472,469,265,1296,1015,1433,1081,1077,1066,1044,964,775,650,29948,12844,2930,29949,29946,12702,29948,12502,12841,12820,11584,7308,5825,5891,2578,2530,1909,0,1377,1106,12849,7537,29970,29971,29970,29969,1766,1766,1654,1541,29978,29974]} 1. d4 d5 2. c4 c6 3. Nf3 Nf6 4. Nc3 e6 5. cxd5 cxd5 6. Bg5 Be7 7. e3 Nc6 8. Bd3 O-O 9. O-O b6 {D13: Slav Defence: Exchange variation without ...Bf5} (9... Bd7 10. a3 Rc8 11. Rc1 Ne8 12. Bf4 Nd6 13. Na4 Nc4 14. Bxc4 dxc4 15. Nc5 Na5 16. Nxd7 Qxd7 17. Ne5 Qd5 18. Qg4 Kh8 19. Qh5 Kg8 20. Qg4 Kh8 21. Qh5 Kg8 22. Qg4 {½-½ (22) Chigaev,M (2577)-Pridorozhni,A (2564) Ekaterinburg 2018}) 10. Rc1 Bb7 11. a3 Rc8 {White is slightly better.} 12. b4 $146 ({Predecessor:} 12. Qe2 Nh5 13. Bxe7 Qxe7 14. Ne5 Nf6 15. f4 Nb8 16. Qf3 Ba6 17. Bxa6 Nxa6 {1-0 (77) Muha,M (2395)-Makovec,B (2313) St Filip i Jakov 2018}) 12... a5 13. b5 Nb8 14. Qb3 Nbd7 15. Na4 Rxc1 16. Rxc1 Bd6 $1 17. Bf4 $36 {[%mdl 2048] White is more active.} Bxf4 18. exf4 Qb8 19. Ne5 Rc8 20. Rc3 Rxc3 21. Qxc3 Nxe5 22. fxe5 Nd7 23. f4 Qc8 (23... f5 $142) 24. Qxc8+ $1 $16 Bxc8 {[%mdl 4096] Endgame KBN-KBN} 25. f5 g6 26. f6 h6 (26... Bb7 $16 27. Nc3 Kh8) 27. Kf2 Kh7 28. Kg3 h5 29. Kf4 Kh6 {[#]} 30. h4 $1 Bb7 31. Nc3 Bc8 32. Nd1 Nf8 33. Ne3 Nh7 34. Kf3 Nf8 35. g4 Bd7 36. Nf1 g5 $2 (36... hxg4+ 37. Kxg4 Be8) 37. hxg5+ $18 Kxg5 38. gxh5 Kxh5 39. Ng3+ Kh6 $2 {[%mdl 8192]} (39... Kg5 $16 {is tougher.}) 40. Kg4 Be8 41. Ne2 Bd7 {and the idea ...Bc8 leaves Black hopeful.} 42. Nc3 Bc8 43. Kh4 Ng6+ $2 {[#]} (43... a4 44. Nxa4 Nd7) 44. Bxg6 $1 Kxg6 {KB-KN} 45. Kg4 Bd7 46. Kf4 Be8 47. Na4 Bxb5 48. Nxb6 Ba6 49. Nd7 Bb5 50. Nc5 Bc6 51. Nb3 (51. Ke3 $142 Kh7 52. Nb3 a4 53. Nc5 Kh8 54. Kd2 Kh7 55. Kc3 Kg6 56. Kb4) 51... a4 52. Nc5 Kh6 53. Ke3 Kg6 54. Kd2 Kf5 55. Kc3 Kg6 56. Kb4 Kf5 57. Kc3 Kg6 $1 58. Na6 Kf5 59. Nc7 Bd7 60. Na8 Bc6 61. Nb6 Bb5 {[#]} 62. Kb4 $1 {[%mdl 512]} Be8 63. Kc5 Kg6 64. Nc8 {Accuracy: White = 88%, Black = 29%.} 1-0